Statistics for All REx:R Ores

Click here to take the quiz!

General Stats

  • This quiz has been taken 26 times
    (16 since last reset)
  • The average score is 243 of 509

Answer Stats

Rarity TierWorldLayer it is Usually Found inAnswer% Correct
LayerWorld 1GraniteGranite
93%
EnigmaticWorld 1Prismatic Cavesπ
87%
LayerWorld 1BasaltBasalt
87%
OtherworldlyWorld 1Inner CoreChrysalis
87%
LayerWorld 1DioriteDiorite
87%
UnfathomableWorld 1Outer CoreDynamo of Fate
87%
LayerWorld 1 (Event)FrostFrost
87%
UnfathomableWorld 1MarbleIdolium
87%
UnfathomableSubworld 1Moon CoreLegacy Quasar 618
87%
LayerWorld 1, Subworld 1Core, Magmatic CaveMagma
87%
LayerWorld 1MantleMantle
87%
LayerWorld 1MarbleMarble
87%
UnfathomableWorld 1ObsidianNyctophyte
87%
LayerWorld 1ObsidianObsidian
87%
LayerWorld 1StoneStone
87%
UnfathomableWorld 1GraniteTerratomere
87%
UnfathomableWorld 1StoneEndozivite
80%
OtherworldlySubworld 1Moon CoreEpinephrine
80%
LayerWorld 1Divine CaveEtherstone
80%
UnfathomableWorld 1 (Event)FrostFrostblossom
80%
LayerWorld 1Frozen CaveIce
80%
UnfathomableWorld 1DioriteIllusory Bubblegram
80%
CommonWorld 1Stone, Basalt, Granite, DioriteIron
80%
UnfathomableSubworld 1Interstellar CavesLaniakea Supercluster
80%
LayerSubworld 1Nil CaveNil
80%
OtherworldlySubworld 1Nil CavesNILNAL
80%
UnfathomableWorld 2DarkmatterQuasar 618
80%
OtherworldlyWorld 2VoidRetina
80%
LayerSubworld 1RoccRocc
80%
LayerWorld 2ShatterstoneShatterstone
80%
LayerWorld 2SlateSlate
80%
LayerWorld 2VoidVoid
80%
EnigmaticWorld 1Inner CoreΩ
73%
ExquisiteWorld 1DioriteAcceleratium
73%
UnfathomableSubworld 1Rocca flare v2
73%
TranscendentWorld 1MantleAlbinite
73%
ExoticWorld 1GraniteAstatine
73%
LayerWorld 1Mantle, Inner CoreBedrock
73%
EnigmaticWorld 1GraniteCandilium
73%
CommonWorld 1, Subworld 1Basalt, Granite, Diorite, Obsidian, Moon CoreCoal
73%
CommonWorld 1, Subworld 1Stone, Basalt, Moon StoneCopper
73%
LayerWorld 1Geode CaveCrystallized Stone
73%
LayerWorld 2DarkmatterDarkmatter
73%
CommonWorld 1, Subworld 1Granite, Moon StoneEmerald
73%
TranscendentWorld 1 (Event)Divine CavesFantivium
73%
EnigmaticWorld 1CoreGargantium
73%
CommonWorld 1, Subworld 1Marble, Mantle, Core, Moon StoneGold
73%
LayerAnyGilded CaveGoldstone
73%
UnfathomableWorld 1BasaltInclemetite
73%
EnigmaticWorld 1ObsidianInkonium
73%
EnigmaticSubworld 1Moon MantleLegacy Ω
73%
ExquisiteSubworld 1Moon CoreLegacy Astatine
73%
ExquisiteSubworld 1Moon CoreLegacy Malachite
73%
LayerSubworld 1Radioactive CaveLegacy Uranium
73%
EnigmaticSubworld 1Moon StoneLegacy Vitriol
73%
UnfathomableSubworld 1Moon StoneLegacy Voidirinite
73%
LayerSubworld 1Moon CoreMoon Core
73%
LayerSubworld 1Moon MantleMoon Mantle
73%
LayerSubworld 1Moon StoneMoon Stone
73%
ZenithSubworld 1 (removed)feebium cavePaste Crystal
73%
LayerWorld 2PermafrostPermafrost
73%
LayerWorld 1Metallic CaveReflectistone
73%
LayerWorld 2RiftrockRiftrock
73%
UnfathomableWorld 1MantleScribbal
73%
TranscendentWorld 1ObsidianSentient Viscera
73%
UnfathomableWorld 2SlateThe Cylinder
73%
ExoticWorld 1Inner CoreAccretium
67%
UnfathomableWorld 2ShatterstoneAcrimony
67%
ExoticSubworld 1RoccBANANORE
67%
ExoticWorld 1ObsidianBlazuine
67%
UnfathomableWorld 2PermafrostCaelarius
67%
TranscendentWorld 2ShatterstoneCatastormite
67%
LayerWorld 1Elemental CaveCelestone
67%
EnigmaticWorld 1Frozen CavesCerlustrium
67%
TranscendentSubworld 1RoccCHICKEN Crystal
67%
ExoticWorld 1CoreCombustal
67%
ExoticWorld 2RiftrockCoronium
67%
RareSubworld 1Moon CoreCorrodine
67%
UnfathomableSubworld 1RoccCorrodine Pulsar
67%
EnigmaticWorld 1BasaltCybernetium
67%
ExoticWorld 1ObsidianExolite
67%
EnigmaticWorld 1 (Event)DioriteExospinel
67%
LayerSubworld 1 (removed)feebium caveFeebium
67%
ExoticWorld 1CoreFlaeon
67%
EnigmaticSubworld 1Moon StoneFlare of Transcendence
67%
ExoticWorld 1BasaltFreon
67%
EnigmaticSubworld 1RoccGarlic bread crystal
67%
TranscendentWorld 1BasaltGlacielle
67%
ExquisiteWorld 2PermafrostHexagelite
67%
EnigmaticWorld 1Gilded CavesHyperheated Quasar
67%
ExoticSubworld 1Moon StoneInktite
67%
ExquisiteWorld 2VoidKaleidium
67%
EnigmaticSubworld 1Moon CoreLegacy Aether
67%
ExoticSubworld 1Moon StoneLegacy Codex
67%
ExoticSubworld 1Radioactive CavesLegacy Coronium
67%
ExoticSubworld 1Moon MantleLegacy Flaeon
67%
ExoticSubworld 1Moon StoneLegacy Freon
67%
TranscendentSubworld 1Moon StoneLegacy Neomandelite
67%
ExoticSubworld 1Radioactive CavesLegacy Neptunium
67%
ExoticSubworld 1Moon CoreLegacy Poiseon
67%
OtherworldlyWorld 1Divine CavesMachina
67%
TranscendentWorld 2VoidMagicis Floreat
67%
LayerSubworld 1Interstellar CaveNebula
67%
ExoticWorld 1DioriteNeptunium
67%
ExoticWorld 2DarkmatterNeutronium
67%
UnfathomableWorld 2RiftrockNOO P α
67%
ZenithN/AN/AORANGE JUICE CRYSTAL
67%
TranscendentSubworld 1Moon CoreOrb of Discontent
67%
ExquisiteWorld 1MarbleOrnalium
67%
TranscendentWorld 1StonePasivium
67%
TranscendentWorld 1StonePastelorium
67%
ExoticWorld 1MantlePoiseon
67%
EnigmaticWorld 1DioritePolarium
67%
CommonWorld 1, Subworld 1Stone, Basalt, Granite, Diorite, Obsidian, Marble, Moon StoneQuartz
67%
EnigmaticSubworld 1RoccSHOWER CRYSTAL
67%
ExoticWorld 1BasaltSnoblintium
67%
TranscendentWorld 1ObsidianSpeatrium
67%
TranscendentWorld 2RiftrockSpiritian
67%
ExquisiteSubworld 1Radioactive CavesSurgium
67%
ExoticWorld 1MarbleTemporum
67%
MythicWorld 2RiftrockThe Nightmare
67%
EnigmaticSubworld 1 (removed)Rocctycoon crystal
67%
EnigmaticWorld 1StoneVaporwave Crystal
67%
ExoticWorld 2VoidVoidflower
67%
LayerWorld 1Void CaveVoidstone
67%
ExoticSubworld 1RoccWATERMELON ORE
67%
TranscendentWorld 1CoreXynarium
67%
ZenithWorld 1RandomZanarchium
67%
EnigmaticSubworld 1Nil CavesAccesinite
60%
ExoticWorld 2ShatterstoneAccretite
60%
ExoticWorld 1StoneAegistone
60%
TranscendentWorld 1MarbleAether
60%
UncommonWorld 1StoneAmber
60%
TranscendentWorld 2VoidAndromidium
60%
UnfathomableSubworld 1Moon MantleArmageddium
60%
TranscendentSubworld 1Magmatic CavesAscended Flare
60%
ExoticWorld 2Enchanted CavesAsterium
60%
ExquisiteWorld 2SlateAtomium
60%
ExquisiteSubworld 1 (Event)Interstellar CavesBlood Lunarian
60%
ExquisiteWorld 2DarkmatterCirceterra
60%
UncommonWorld 1, Subworld 1Stone, Basalt, Moon StoneCobalt
60%
ExquisiteSubworld 1RoccCOCONUT ORE
60%
EnigmaticWorld 2DarkmatterCoronal Flare
60%
ExquisiteWorld 2DarkmatterCosmic Treasure
60%
ExoticWorld 2RiftrockCrystal Oculite
60%
EnigmaticWorld 1CoreDyronsinite
60%
EnigmaticWorld 1Inner CoreElbrus' Pride
60%
ExoticWorld 1GraniteElexinite
60%
SurrealWorld 1StoneElusium
60%
ExoticWorld 2ShatterstoneEntiniol
60%
ExquisiteWorld 2VoidEstrela
60%
UnfathomableWorld 2Unstable CavesExdeus
60%
TranscendentWorld 1MantleExoretic
60%
EnigmaticSubworld 1Nil CavesFire Crystal
60%
TranscendentWorld 2DarkmatterGalactic Rupture
60%
LayerWorld 2Galactic CaveGalaxistone
60%
EnigmaticSubworld 1Nil CavesGenuinium
60%
CommonWorld 2DarkmatterG-Star Fragment
60%
TranscendentSubworld 1Moon StoneLegacy Aurora
60%
EnigmaticSubworld 1Magmatic CavesLegacy Coronal Flare
60%
TranscendentSubworld 1Magmatic CavesLegacy Gargantium
60%
TranscendentSubworld 1Radioactive CavesLegacy Lawrencium
60%
ExoticSubworld 1Interstellar CavesLegacy Pulsar Crystal
60%
EnigmaticSubworld 1Moon CoreLegacy Quasar V
60%
TranscendentSubworld 1Moon MantleLegacy Trinitium
60%
ExquisiteWorld 2Nightfall CavesLunarian
60%
ExoticSubworld 1Moon MantleLutetium
60%
EnigmaticWorld 1MantleMagnetyx
60%
ExoticWorld 2SlateMatterium
60%
CommonWorld 2DarkmatterM-Star Fragment
60%
CommonWorld 1, Subworld 1Core, Moon MantleNickel
60%
TranscendentWorld 2 (Event)VoidNightmare Complex
60%
UncommonWorld 1ObsidianObsidian Glass
60%
TranscendentWorld 2SlatePlasmonium
60%
TranscendentWorld 1DioriteQuandrium
60%
ExquisiteWorld 2ShatterstoneRevenite
60%
EnigmaticSubworld 1Moon MantleRGB Pulsar
60%
TranscendentWorld 2DarkmatterRigel
60%
CommonWorld 1, Subworld 1Obsidian, Moon MantleRuby
60%
TranscendentWorld 1MantleScarfyte
60%
CommonWorld 1, Subworld 1Diorite, Obsidian, Marble, Moon StoneSilver
60%
TranscendentWorld 1GraniteSpristium
60%
EnigmaticSubworld 1Moon MantleSurrenial
60%
TranscendentSubworld 1Roccthe funny
60%
EnigmaticWorld 1 (Event)FrostThe North Pole
60%
TranscendentSubworld 1Roccthe unfunny
60%
TranscendentWorld 1MarbleTrinitium
60%
EnigmaticWorld 2RiftrockUnearthly Cubes
60%
MythicWorld 1, Subworld 1Stone, Moon MantleUnobtainium
60%
TranscendentWorld 1Void CavesVantivium
60%
TranscendentSubworld 1Moon CoreVaporwave Pulsar
60%
MythicSubworld 1RoccWOOD GRAIN
60%
TranscendentSubworld 1Moon CoreΣ
53%
MythicSubworld 1Radioactive CavesActinium
53%
MasterWorld 1ObsidianAdurite
53%
TranscendentWorld 1Frozen CavesAltovite
53%
ExquisiteWorld 1 (Event)DioriteAntipathy
53%
ExoticWorld 2DarkmatterAurantial
53%
EnigmaticWorld 2VoidAuroral Singularity
53%
EnigmaticWorld 1 (Event)FrostAurora Polaris
53%
TranscendentWorld 1BasaltAzuryl
53%
RareWorld 1BasaltBluesteel
53%
ZenithN/AN/Acake ore
53%
TranscendentWorld 1CoreCleopatrite
53%
ExoticSubworld 1 (Event)Any (Except Rocc)Clotivein
53%
TranscendentWorld 2ShatterstoneContravexium
53%
RareWorld 1CoreCore Fragment
53%
MythicWorld 1Frozen CavesCryotic
53%
EnigmaticWorld 2Galactic CavesCygnus
53%
LayerWorld 2Unstable CaveDestabilite
53%
ZenithN/AN/Adynamo of fates
53%
EnigmaticWorld 1 (Event)GraniteEctoplasmado
53%
EnigmaticWorld 1MarbleElementium
53%
SurrealWorld 1BasaltElysian
53%
TranscendentWorld 1GraniteErodimium
53%
ExquisiteWorld 1MantleEuclideum
53%
EnigmaticSubworld 1Interstellar CavesHD 160529
53%
TranscendentWorld 2PermafrostHeart of The Frosted
53%
TranscendentWorld 2DarkmatterIcarus
53%
TranscendentSubworld 1Moon MantleIlluminyx
53%
SurrealWorld 1Elemental CavesIntoxium
53%
SurrealWorld 1ObsidianJet
53%
ExquisiteWorld 2PermafrostLaivertine
53%
TranscendentWorld 2Luminous CavesLavortia
53%
TranscendentSubworld 1Interstellar CavesLegacy Andromidium
53%
ExoticSubworld 1Moon CoreLegacy Halcyon Emission
53%
TranscendentWorld 1DioriteLucidium
53%
TranscendentWorld 1MarbleLuminatite
53%
ZenithN/AN/ANOO P Ω
53%
TranscendentWorld 2VoidNOO S-Sing. T1
53%
EnigmaticSubworld 1Radioactive CavesOganesson
53%
CommonWorld 2DarkmatterO-Star Fragment
53%
RareWorld 1ObsidianPainite
53%
EnigmaticSubworld 1Nil CavesPandorite
53%
MasterWorld 1StonePetrified Wood
53%
EnigmaticWorld 1 (Event)MarblePhantomalgamation
53%
ExoticWorld 2VoidPhobetor
53%
EnigmaticWorld 2 (Event)VoidPoltergeist
53%
LayerWorld 1Prismatic CavePrismatistone
53%
ExquisiteSubworld 1Moon MantleProtoflare
53%
SurrealWorld 1MarbleRainbonite
53%
ExoticWorld 1StoneScertanium
53%
MythicSubworld 1RoccSFoRE
53%
CommonWorld 2PermafrostSnow
53%
SurrealWorld 1DioriteSpatializine
53%
MasterWorld 1CoreSunstone
53%
SurrealWorld 1BasaltTanzanite
53%
EnigmaticWorld 1 (Event)BasaltThalassus
53%
MythicWorld 2ShatterstoneThe Dream
53%
ExoticWorld 1CoreThundarian
53%
ExquisiteWorld 2RiftrockTorilite
53%
TranscendentWorld 2RiftrockTwilight Mist
53%
TranscendentWorld 2RiftrockUnsteady Filaments
53%
RareWorld 1GraniteUranium
53%
ExquisiteWorld 1MantleVitrilyx
53%
MythicWorld 2VoidVoid's Iris
53%
TranscendentWorld 1Inner CoreVulkavium
53%
TranscendentSubworld 1 (removed)Roccwaffle crystal
53%
ZenithN/AN/AAcrimoney
47%
UncommonWorld 1MantleAncient Bronze
47%
TranscendentWorld 2 (Event)SlateArachnoxium
47%
ExoticWorld 2PermafrostArctine
47%
TranscendentWorld 1 (Event)Void CavesBathophobia
47%
UncommonWorld 1, Subworld 1Marble, Mantle, Moon CoreBismuth
47%
MasterWorld 1DioriteBlack Diamond
47%
MythicWorld 1MarbleChromatite
47%
MasterWorld 1BasaltColdfirium
47%
SurrealWorld 2PermafrostCondensium
47%
TranscendentWorld 2PermafrostCoselnix
47%
MasterWorld 1MarbleDelectium
47%
UncommonSubworld 1Moon StoneDiamond
47%
MythicWorld 2ShatterstoneDivinushield
47%
SurrealWorld 2RiftrockExoflame
47%
TranscendentWorld 1 (Event)BasaltFeux Follets
47%
SurrealWorld 2SlateFluorite
47%
MythicSubworld 1Moon StoneHyperstone
47%
MasterWorld 2VoidIlluded Light
47%
ZenithN/AN/AIllusionary Bubblegum
47%
MasterWorld 1CoreIncinderium
47%
ZenithN/AN/AIridophyte
47%
MythicWorld 1DioriteLanthanite
47%
EnigmaticSubworld 1Interstellar CavesLegacy HR 5171 A
47%
RareSubworld 1Moon StoneLegacy Jet
47%
LayerWorld 2Nightfall CaveLunalistone
47%
RareWorld 1DioriteMusgravite
47%
ExquisiteWorld 1 (Event)MarbleNecrocrysta
47%
MythicWorld 1GraniteNewtonium
47%
MythicWorld 1BasaltNocturnite
47%
UncommonWorld 1, Subworld 1Granite, Moon CoreOlivine
47%
RareWorld 1DioriteOsmium
47%
UncommonWorld 1, Subworld 1Core, Moon CorePalladium
47%
MasterWorld 2PermafrostPleskite
47%
SurrealWorld 1GranitePromethium
47%
SurrealWorld 2DarkmatterProtonium
47%
TranscendentWorld 1 (Event)ObsidianPuppet Master
47%
ExquisiteSubworld 1Moon MantleSagittarius Quasar
47%
ExoticWorld 1 (Event)FrostSnowglobe
47%
MasterWorld 1MantleSolid Bromine
47%
EnigmaticWorld 2 (Event)VoidSoulshade
47%
TranscendentSubworld 1Moon StoneSoundstrocity
47%
TranscendentWorld 2SlateStazenium
47%
MasterSubworld 1Interstellar CavesTektite
47%
SurrealSubworld 1Moon CoreUldarite
47%
MasterWorld 1GraniteViridian
47%
MythicSubworld 1Moon CoreVortennial
47%
MythicWorld 1ObsidianZefendium
47%
MasterWorld 1MarbleAlexandrite
40%
MythicWorld 1MantleAlternium
40%
RareWorld 2SlateAmazonite
40%
CommonSubworld 1Moon StoneAmethyst
40%
RareWorld 2PermafrostArctic Crystal
40%
SurrealWorld 2PermafrostAuroralium
40%
ExoticWorld 1 (Event)MantleCandlelight
40%
SurrealWorld 2VoidCestilade
40%
CommonWorld 1BarrierCharged Barrier
40%
UncommonWorld 2VoidChiron
40%
CommonWorld 2PermafrostChrysocolla
40%
MasterWorld 2ShatterstoneCitrine
40%
CommonWorld 2SlateClay
40%
RareSubworld 1Moon CoreCorroplat
40%
UncommonWorld 2PermafrostCyprine
40%
ZenithN/AN/ADelusory Bubblegram
40%
CommonWorld 2PermafrostDioptase
40%
SurrealSubworld 1Moon StoneEDMium
40%
TranscendentWorld 2 (Event)DarkmatterExsanguinatia
40%
SurrealWorld 2RiftrockFortinium
40%
MythicWorld 2VoidFracidial
40%
ExquisiteWorld 2 (Event)RiftrockHallowed Cage
40%
MythicWorld 2DarkmatterIgnisaxum
40%
CommonWorld 2VoidIndefinitium
40%
SurrealSubworld 1Moon MantleLegacy Newtonium
40%
SurrealSubworld 1Moon StoneLegacy Promethium
40%
MasterSubworld 1Moon MantleLegacy Zefendium
40%
UncommonWorld 2RiftrockLepidolite
40%
CommonSubworld 1Moon MantleLithium
40%
LayerWorld 2Luminous CaveLumilux
40%
MasterWorld 2VoidLuminaweb
40%
RareWorld 1CoreMagnesium
40%
MasterWorld 2VoidMessier 92
40%
MythicWorld 2RiftrockMycerian
40%
ZenithN/AN/AOil Crystal
40%
TranscendentWorld 1 (Event)GranitePanselinos
40%
MythicWorld 2SlatePlasmal
40%
UncommonWorld 2PermafrostPowder Snow
40%
RareWorld 1MantlePyrite
40%
TranscendentSubworld 1Interstellar CavesR136a1
40%
UncommonWorld 2VoidRadisol
40%
MasterWorld 2RiftrockRadon
40%
MasterWorld 2DarkmatterRosaraldyx
40%
UncommonSubworld 1Moon MantleSapphire
40%
UncommonWorld 2SlateSodium
40%
MythicWorld 1CoreSolarite
40%
TranscendentWorld 1CoreSuncindium
40%
CommonSubworld 1Moon StoneTin
40%
SurrealWorld 1MantleVanadinite
40%
EnigmaticWorld 2RiftrockVerdulite
40%
ExquisiteWorld 1 (Event)ObsidianVitalium
40%
ZenithN/AN/AWarnore
40%
MasterWorld 2RiftrockXenon
40%
UncommonWorld 2SlateXenotime
40%
ExoticWorld 1 (Event)ObsidianAgoraphore
33%
CommonWorld 2ShatterstoneAlmandine
33%
RareWorld 2PermafrostApatite
33%
CommonSubworld 1Moon StoneAquamarine
33%
MythicWorld 2PermafrostAquatic Vortex
33%
MasterWorld 2PermafrostAquintite
33%
MasterWorld 2RiftrockArgon
33%
RareWorld 2RiftrockAventurine
33%
RareWorld 2PermafrostAzurite
33%
TranscendentWorld 1 (Event)FrostBehemoth Snowflake
33%
MasterWorld 2ShatterstoneBenitoite
33%
RareWorld 2DarkmatterBlue Giant
33%
SurrealWorld 2ShatterstoneCalite
33%
CommonWorld 2SlateCharcoal
33%
MythicWorld 2RiftrockChromavitrite
33%
UncommonSubworld 1Moon MantleChrome
33%
RareWorld 1StoneChrysoberyl
33%
RareWorld 2ShatterstoneCirelin
33%
MythicWorld 2PermafrostColdstorm
33%
SurrealSubworld 1Moon MantleElectrolium
33%
ZenithN/AN/AFantamalgamation
33%
ExquisiteWorld 1 (Event)CoreFlamakern
33%
RareWorld 2VoidHeidalium
33%
CommonWorld 2VoidIllocus
33%
MythicSubworld 1Moon CoreLegacy Dyronsinite
33%
MasterSubworld 1Interstellar CavesLegacy Galaxite
33%
SurrealWorld 2ShatterstoneLotivium
33%
UncommonSubworld 1Moon MantleLumbonium
33%
MythicWorld 2ShatterstoneNitoril
33%
EnigmaticWorld 1 (Event)FrostNoxilenciosa
33%
UncommonSubworld 1Moon StoneOcean Jasper
33%
TranscendentWorld 2 (Event)DarkmatterOculatum
33%
MasterWorld 2ShatterstonePhendium
33%
TranscendentWorld 1 (Event)MantlePlasmitan
33%
CommonSubworld 1Moon StonePlatinum
33%
MasterWorld 2DarkmatterQuadiol
33%
SurrealWorld 2VoidRidalite
33%
UncommonWorld 2ShatterstoneScapolite
33%
RareWorld 2ShatterstoneShroomite
33%
TranscendentWorld 1 (Event)ObsidianThe All-Seeing
33%
CommonSubworld 1Moon StoneTitanium
33%
ExquisiteWorld 2 (Event)ShatterstoneVexareign
33%
SurrealWorld 2RiftrockViolixium
33%
UncommonWorld 2ShatterstoneViolumina
33%
MasterSubworld 1Moon StoneVitridian
33%
CommonSubworld 1Moon StoneAluminum
27%
UncommonWorld 2SlateAndesine
27%
UncommonWorld 2DarkmatterAurutine
27%
MasterSubworld 1Moon MantleCerrusite
27%
MasterSubworld 1Moon StoneChambersite
27%
ExoticWorld 1 (Event)FrostChristmasalis
27%
RareWorld 2DarkmatterCinnabar
27%
MythicWorld 2DarkmatterCometryx
27%
SurrealWorld 2SlateCulindrene
27%
SurrealSubworld 1Moon CoreDeathinium
27%
RareWorld 2ShatterstoneDemantoid
27%
UncommonWorld 2RiftrockDiopside
27%
TranscendentWorld 1 (Event)FrostDynafrost
27%
RareWorld 2SlateEboxylite
27%
CommonWorld 2ShatterstoneFlaxite
27%
SurrealSubworld 1Moon CoreFrostical
27%
CommonSubworld 1Moon StoneGarnet
27%
MasterSubworld 1Moon MantleGilded Gold
27%
CommonWorld 2SlateGratonite
27%
CommonWorld 2SlateHazenite
27%
ZenithN/AN/AHeavenly Bubblegram
27%
SurrealWorld 2DarkmatterIgnacaelum
27%
CommonSubworld 1Moon MantleJade
27%
UncommonSubworld 1Moon CoreJavanite
27%
UncommonSubworld 1Moon StoneJaxite
27%
RareSubworld 1Moon MantleLegacy Cryotic
27%
MythicWorld 2SlateNemolite
27%
UncommonWorld 2DarkmatterProtoplanetary Disk
27%
ExoticWorld 1AllRosarium
27%
MasterWorld 2ShatterstoneShimmersite
27%
TranscendentWorld 1 (Event)StoneSpiritbound Tomb
27%
CommonSubworld 1Moon CoreStrontium
27%
SurrealWorld 2ShatterstoneTealine
27%
UncommonSubworld 1Moon CoreThorium
27%
UncommonSubworld 1Moon StoneTurquoise
27%
RareSubworld 1Moon StoneVegentium
27%
MythicWorld 2VoidVexerite
27%
CommonSubworld 1Moon CoreZinc
27%
MythicWorld 1 (Event)FrostCandied Nocturnite
20%
UncommonWorld 1 (Event)CoreChocolatine
20%
MythicWorld 1 (Event)CoreCucurbite
20%
UncommonWorld 2ShatterstoneEkanite
20%
RareWorld 2RiftrockEpidote
20%
UncommonWorld 2 (Event)ShatterstoneHallowite
20%
UncommonWorld 1 (Event)FrostHot Chocolatine
20%
CommonSubworld 1Moon MantleJasper
20%
CommonWorld 2RiftrockLarimar
20%
MasterWorld 2SlateLecilux
20%
MasterSubworld 1Moon CoreLeryium
20%
TranscendentWorld 1, Subworld 1 (Event)AnyLovessence
20%
ExquisiteWorld 1 (Event)FrostNoctilucite
20%
TranscendentWorld 1 (Event)FrostNorth Star
20%
UncommonWorld 2RiftrockOligoclase
20%
MasterWorld 2SlatePlerivium
20%
CommonWorld 2RiftrockRhodocrosite
20%
CommonSubworld 1Moon CoreScandium
20%
TranscendentWorld 1, Subworld 1 (Event)AnySentimentium
20%
CommonSubworld 1Moon StoneTopaz
20%
MasterSubworld 1Moon CoreUltranium
20%
ExquisiteWorld 1, Subworld 1 (Event)AnyValentinyl
20%
SurrealWorld 2SlateVersulium
20%
RareWorld 2 (Event)ShatterstoneCancornite
13%
CommonWorld 2RiftrockCharolite
13%
UncommonWorld 2ShatterstoneChlorodyrill
13%
UncommonWorld 1Diorite, ObsidianChrome Contaris
13%
CommonSubworld 1Moon CoreHeliodor
13%
CommonSubworld 1Moon StoneLapis Lazuli
13%
LayerWorld 2Enchanted CaveLepudistone
13%
UncommonWorld 1 (Event)ObsidianLost Soul
13%
CommonWorld 2SlateMaricite
13%
CommonSubworld 1Moon CoreNeodymium
13%
CommonWorld 2ShatterstonePhenakite
13%
CommonWorld 2ShatterstoneRixolite
13%
UncommonWorld 2RiftrockSphalerite
13%
RareWorld 1 (Event)CoreSpiravix
13%
RareSubworld 1Moon MantleSporgilian
13%
RareWorld 1 (Event)MarbleAnimatether
7%
CommonSubworld 1Moon CoreBeryllium
7%
SurrealWorld 1 (Event)FrostCandensium
7%
MasterWorld 1 (Event)CoreClawvern
7%
MythicWorld 1 (Event)FrostCrystallized Solarite
7%
CommonWorld 2RiftrockDiotride
7%
ExquisiteWorld 1 (Event)FrostFestivian
7%
UncommonWorld 2 (Event)RiftrockFrenikyte
7%
SurrealWorld 1 (Event)FrostFrostenice
7%
CommonSubworld 1Moon MantleMorganite
7%
UncommonSubworld 1Moon CoreRadium
7%
CommonSubworld 1Moon MantleTourmaline
7%
RareWorld 1 (Event)ObsidianBitumite
0%
MasterWorld 1 (Event)FrostBlizzarium
0%
RareWorld 1 (Event)FrostBlue Ice
0%
MasterWorld 1 (Event)FrostBottled Snowstorm
0%
UncommonWorld 1, Subworld 1 (Event)AnyBox of Chocolatine
0%
UncommonWorld 1 (Event)FrostCacaoite
0%
MythicWorld 1 (Event)FrostCandy Vortex
0%
UncommonWorld 1 (Event)FrostCookium
0%
UncommonWorld 1 (Event)FrostCrystal Snow
0%
SurrealWorld 1 (Event)FrostFrostarian
0%
MasterWorld 1 (Event)FrostGiftbox
0%
RareWorld 1 (Event)FrostGingorebread
0%
RareWorld 1 (Event)FrostIcicline
0%
MasterWorld 1 (Event)FrostOrenament
0%
SurrealWorld 1 (Event)FrostPeppermint Core
0%
RareWorld 1 (Event)FrostSnowman Shard
0%

Score Distribution

Percentile by Number Answered

Percent of People with Each Score

Your Score History

You have not taken this quiz since the last reset